000
00296nam a22001337a 4500
008
181218b xxu||||| |||| 00| 0 eng d
020
_a
071831003508
041
_a
eng
080
_a
038
100
_a
23
101
_a
FJA
245
_a
Spanish-English Dictionary
_c
Gonzalez,M
942
_2
udc
_c
BK
999
_c
53481
_d
53481